00809cam a22002411 4500001001300000003000400013005001700017008004100034010001700075035001800092040005200110042001200162050001500174100004900189245006800238260005100306300003900357440005200396500003600448504003900484650002700523999001700550w 12000075 DLC20260227112807.0721107s1911 enkb b 000 0 eng c aw 12000075  a(OCoLC)487775 aWashington D.C. Pub. LibrarycODaWUdOCoLCdDLC apremarc00aGF101b.H31 aHaddon, Alfred C.q(Alfred Cort),d1855-194014aThe wanderings of peoples,cby A. C. Haddon ... With five maps. aCambridge [Eng.]bThe University press,c1911. avii, 124 p.b5 fold. maps.c17 cm. 4aThe Cambridge manuals of science and literature aTitle within ornamental border. aBibliographies at end of chapters. 0aMigrations of nations. c92017d92017